000
00299nam a22001337a 4500
008
180731b xxu||||| |||| 00| 0 eng d
082
_a
813.52
245
_a
The Norton RECORDINGS
_c
Handel,G.F
260
_c
2007
300
_a
4
_f
CD
440
_x
2900393107585
760
_b
10th
942
_2
ddc
_c
MX
999
_c
46695
_d
46695